Cities Closest to the Grand Canyon - Statistics

General Stats
  • This quiz has been taken 57 times
  • The average score is 12 of 17
Answer Stats
Kilometres City Miles % Correct
290 Phoenix 180
94%
508 Albuquerque 316
92%
270 Las Vegas 168
92%
598 Los Angeles 372
92%
523 Salt Lake City 325
92%
993 San Francisco 580
88%
749 Denver 466
86%
440 Tucson 273
86%
592 San Diego 368
84%
706 Ciudad Juárez/El Paso 439
73%
880 San Jose 547
65%
873 Sacramento 542
63%
688 Fresno 428
57%
597 Tijuana 371
45%
516 San Bernardino 321
35%
488 Mexicali 303
18%
1001 Chihuahua 623
10%
No matching quizzes found
Score Distribution
Percent of People with Each Score
Percentile by Number Answered
Your Score History
You have not taken this quiz